Mondial 2018 - Statistiques

Statistiques générales
  • Ce quiz a été pris 86 fois
  • Le résultat moyen est 12 sur 15
Statistiques - réponses
Question Réponse % Correct
Quel a été le score ? 4-2
100%
Contre qui a t-il joué en petite finale ? Angleterre
100%
Contre quel pays la France a gagné avec un score de 4-3 ? Argentine
100%
Quels pays ont joué contre la France en matchs de poule ? Australie-Pérou-Danemark
100%
Quel pays a fini 3e de la compétition ? Belgique
100%
Contre quel pays a t-il joué en Finale ? Croatie
100%
Quel pays en est sorti victorieux ? France
100%
Dans quel pays s'est il déroulé ? Russie
100%
Quel était le match d'ouverture ? (1er match de toute la compétition) Russie-Arabie Saoudite
100%
Avec ces points, a quelle place la France a t-elle fini ? 1ère de son groupe
67%
Quel pays, avec une assez bonne équipe, n'a pas réussi à se qualifier en huitièmes de finale ? Allemagne
67%
La France s'est elle qualifiée en huitièmes ? Si oui, contre qui a t-elle joué ? Oui, contre l'Argentine
67%
A l'aide de la question précédente, combien la France a t-elle eu de points ? 7
33%
Dans quel groupe était la France ? C
33%
La France a t-elle gagné tous ses matchs de poule ? Non, 2 gagnés et 1 match nul
33%
Aucun quiz correspondant
Distribution des résultats
% des personnes avec chaque résultat
Percentile par nombre de réponses
Votre historique - résultats
Vous n’avez pas pris ce quiz